000 01544nam a2200241 a 4500
999 _c10321
_d10321
001 10321
003 BD-JhCC
005 20180523105144.0
008 180423s20072012bg |||| ||a| 000 0 b d
020 _a9844126355
035 _a(BD-JhCC)10321
040 _aBD-JhCC
_dBD-JhCC
041 _aben
082 _a891.4415
_bHAB 2007
100 _aহাবীব, আহসান
245 _aকবিতাসমগ্র /
_cআহসান হাবীব
260 _aঢাকা:
_bঅনন্যা ;
_c2007.
300 _a573 p. :
_c22 cm.
500 _a আহসান হাবীব ( কবি ও সাহিত্যিক) : জন্ম : ২ জানুয়ারি, ১৯১৭ - মৃত্যু : ১০ জুলাই, ১৯৮৫) (ইংরেজি: Ahsan Habib) একজন খ্যাতিমান বাংলাদেশী কবি ও সাহিত্যিক। দীর্ঘ দিন দৈনিক বাংলা পত্রিকার সাহিত্য সম্পাদক পদের দায়িত্ব পালন সূত্রে তিনি স্বাধীনতা-উত্তর বাংলাদেশের সাহিত্য অঙ্গনে অভিভাবকের ভূমিকা রেখেছেন। তিনি চল্লিশের দশকের অন্যতম প্রধান আধুনিক কবি হিসেবে পরিগণিত।
651 _aPoems
942 _2ddc
_cBK